[Event "South America-ch U20 19th"]
[Site "Santa Cruz de la Sierra"]
[Date "2024.08.31"]
[Round "6"]
[White "Maravi Ceron, Jhon Julio"]
[Black "Perez Rojas, Felipe"]
[Result "1-0"]
[WhiteElo "1832"]
[BlackElo "1967"]
[PlyCount "77"]
[EventDate "2024.08.28"]
[EventType "swiss"]
[EventRounds "9"]
[EventCountry "BOL"]
[SourceTitle "CB37_2024"]
[SourceDate "2024.09.11"]
[SourceVersion "1"]
[SourceVersionDate "2024.09.11"]
[SourceQuality "1"]

1. e4 c5 2. Nf3 Nc6 3. d4 cxd4 4. Nxd4 g6 5. c4 Nf6 6. Nc3 Nxd4 7. Qxd4 d6 8. Be2 Bg7 9. 0-0 0-0 10. Qd3 Be6 11. Bd2 Rc8 12. b3 Ng4 13. h3 Ne5 14. Qg3 Nc6 15. Rad1 f5 16. exf5 Bxf5 17. Bg4 Be5 18. f4 Bd4+ 19. Kh1 Qd7 20. Nb5 Bf6 21. Be3 a6 22. Nd4 Nxd4 23. Bxd4 Kg7 24. Be2 Bxd4 25. Rxd4 Qe6 26. Qf3 Qf6 27. Rfd1 Rc7 28. Qe3 Bd7 29. Bf3 Rf7 30. Re1 Bc6 31. Bxc6 bxc6 32. g3 h5 33. Qd3 c5 34. Rd5 Rd7 35. Qe4 Rd8 36. Rg5 e5 37. h4 Rdf8 38. f5 Kh8 39. fxg6 1-0

[Event "South America-ch U20 19th"]
[Site "Santa Cruz de la Sierra"]
[Date "2024.08.29"]
[Round "3"]
[White "Maravi Ceron, Jhon Julio"]
[Black "Parra Gonzales, Andre Leonardo"]
[Result "0-1"]
[WhiteElo "1832"]
[BlackElo "2167"]
[PlyCount "86"]
[EventDate "2024.08.28"]
[EventType "swiss"]
[EventRounds "9"]
[EventCountry "BOL"]
[SourceTitle "CB37_2024"]
[SourceDate "2024.09.11"]
[SourceVersion "1"]
[SourceVersionDate "2024.09.11"]
[SourceQuality "1"]

1. e4 c5 2. Nf3 d6 3. d4 cxd4 4. Nxd4 Nf6 5. Nc3 a6 6. Bc4 e6 7. Be3 Nbd7 8. Bb3 Nc5 9. f3 b5 10. Qd2 Bd7 11. g4 Rb8 12. Nce2 a5 13. c3 a4 14. Bc2 Qc7 15. g5 Nh5 16. Ng3 Nxg3 17. hxg3 e5 18. Ne2 Be6 19. Nc1 Rc8 20. Nd3 d5 21. Qf2 d4 22. cxd4 exd4 23. Bf4 Qa5+ 24. Bd2 Qc7 25. Rc1 Bxa2 26. Nxc5 Bxc5 27. Bd3 Qb6 28. Qe2 Rb8 29. g6 fxg6 30. Bf4 Rb7 31. Be5 0-0 32. Kf2 g5 33. f4 h6 34. Rh2 gxf4 35. gxf4 Re7 36. Kg2 Re6 37. Kh1 Bd6 38. Bxd6 Qxd6 39. e5 Bd5+ 40. Rg2 Qe7 41. Be4 Qh4+ 42. Kg1 Qxf4 43. Bxd5 Qxc1+ 0-1

[Event "South America-ch U20 19th"]
[Site "Santa Cruz de la Sierra"]
[Date "2024.08.28"]
[Round "2"]
[White "Montano Cardozo, Franco Leonardo"]
[Black "Maravi Ceron, Jhon Julio"]
[Result "0-1"]
[WhiteElo "1464"]
[BlackElo "1832"]
[PlyCount "64"]
[EventDate "2024.08.28"]
[EventType "swiss"]
[EventRounds "9"]
[EventCountry "BOL"]
[SourceTitle "CB37_2024"]
[SourceDate "2024.09.11"]
[SourceVersion "1"]
[SourceVersionDate "2024.09.11"]
[SourceQuality "1"]

1. d4 Nf6 2. c4 e6 3. a3 d5 4. cxd5 exd5 5. Nc3 Be7 6. Nf3 0-0 7. Bf4 c6 8. e3 Nh5 9. Bg3 Bg4 10. h3 Nxg3 11. fxg3 Bf5 12. Bd3 Bxd3 13. Qxd3 Bd6 14. Ne2 Nd7 15. 0-0 Qe7 16. Nh4 g6 17. Nf3 Rae8 18. Kf2 Nf6 19. Nd2 Nh5 20. Nf4 Qg5 21. e4 Nxf4 22. gxf4 Qxf4+ 23. Ke1 dxe4 24. Qe2 Qh4+ 25. Kd1 e3 26. Nf3 Qe4 27. Rc1 c5 28. Rc4 cxd4 29. Nxd4 Rc8 30. Qc2 e2+ 31. Nxe2 Qxc4 32. Qxc4 Rxc4 0-1